000 003690000a22001570004500
003 LK-CoMWRAF
008 230817t ||||| |||| 00| 0 eng d
040 _aLK-CoMWRAF
_dLK-CoMWRAF
_eLK-CoMWRAF
041 _aeng
082 _a730
_bETH
245 _aEthnicity and social change in Sri Lanka
_b
260 _b
_a
_c
300 _ap.
650 _aethnicity
942 _cBK
999 _c2993
_d2993